000 nam a22 7a 4500
999 _c336883
_d336883
003 IT-MiCISF
005 20171204143724.0
008 171204b xxu||||| |||| 00| 0 eng d
040 _cIT-MiCISF
041 _ait
100 _aDe Rosa Federico
_956687
245 _aL'isola di noi
_bGuida al paese dell'autismo
260 _aCinisello B. (MI)
_bSan Paolo
_c2016
300 _app. 139
500 _adisturbi-sviluppo, cura, educazione
520 _aQuesto volume intende essere una guida attraverso il “paese dell'autismo”, dove i normotipi non sanno come orientarsi e hanno tutto da imparare. Come è fatta questo paese? Ci sono un attracco per i traghetti, l'ospedale e una clinica per curare quelli che non sono autistici; il grande distretto scolastico; il parlamento; la Tempo Libero Corporation; il monastero che sta su una montagna alle spalle della città; un borgo dei divertimenti costruito sotto un bosco; il Parco dei Sospiri d'Amore dove le coppiette si appartano e naturalmente, per spostarsi, c'è la metropolitana. Rovesciando ogni stereotipo, l’autore firma la prima guida per normodotati a un mondo a misura di autistici.
650 _ahandicap
_956194
654 _asaggio
942 _2ddc
_cBK